| 000 | 00558nam a2200229Ia 4500 | ||
|---|---|---|---|
| 003 | IT-RoPAU | ||
| 008 | 120407s9999 xx 000 0 und d | ||
| 040 | _aIT-RoPAU | ||
| 040 | _cIT-RoPAU | ||
| 041 | _aita | ||
| 100 | _aLuigi Giovannini | ||
| 100 | _cssp | ||
| 245 | _a"Don Alberione e i Paolini nella storia della Chiesa e della cultura. Cronologia comparata." | ||
| 250 | _aRoma | ||
| 260 | _aArch. Storico Gen. Famiglia Paolina | ||
| 260 | _c1982 | ||
| 300 | _a285 p. | ||
| 300 | _c21 cm | ||
| 490 | _v1 | ||
| 942 | _cBK | ||
| 999 |
_c31461 _d31461 |
||